000 00582nam a2200205 a 4500
001 20092
003 CO-ViMGA
008 141112s2004 ck r 000 u spa d
020 _a9582004282
040 _aCO-ViMGA
_bspa
_cCO-ViMGA
082 0 4 _aBUEc
100 1 _aBuenaventura, Nicolas
_92829
245 1 0 _aLos cuentos del maestro Nicolás
260 _aBogotá :
_bCooperativo Ed. Magisterio,
_c1999
300 _a96 p. il.
490 0 _aMontaña Magica
590 _aForma de adquisición : Premio Mincultura
650 1 4 _aCUENTOS INFANTILES COLOMBIANOS
_92369
942 _2ddc
_cBK
999 _c9766
_d9766